[Event "World Rapid Women 2019"]
[Site "Moscow RUS"]
[Date "2019.12.28"]
[Round "9.14"]
[White "Kovanova,B"]
[Black "Krush,I"]
[Result "1-0"]
[WhiteElo "2335"]
[BlackElo "2422"]

1.Nf3 g6 2.e4 c5 3.d4 cxd4 4.Nxd4 Bg7 5.c4 Nc6 6.Be3 Nf6 7.Nc3 d6 8.Be2 O-O
9.O-O Bd7 10.Rc1 Nxd4 11.Bxd4 Bc6 12.f3 Nd7 13.Bxg7 Kxg7 14.Qd2 Qb6+ 15.Kh1 Rac8
16.f4 a5 17.Bg4 Rc7 18.Bxd7 Rxd7 19.f5 Rc7 20.f6+ exf6 21.Qxd6 Rd7 22.Qxf6+ Kg8
23.Nd5 Qc5 24.Qc3 Bxd5 25.exd5 Re8 26.Rce1 Rde7 27.Rxe7 Rxe7 28.b3 f5 29.h3 Re2
30.Re1 Qf2 31.Rxe2 Qxe2 32.Qd4 Qf1+ 33.Kh2 f4 34.d6 f3 35.Qd5+ Kg7 36.Qxf3 Qe1
37.Qxb7+ Kh6 38.Qd5 Qe3 39.Qf3 Qd4 40.Qg3 Kg7 41.c5 Qxc5 42.d7 Qb6 43.Qd3 Qc7+
44.g3 Qd8 45.Qd5 h6 46.Qe6 h5 47.h4 Qf8 48.Qe5+ Kh7 49.Qd4 Qd8 50.Qd5 Kg7
51.Qe5+ Kh7 52.Qe8 Qf6 53.Qe2 Qd6 54.Qb5 Qd2+ 55.Kh3 Qd1 56.Kg2 Qd2+ 57.Kf3 Qd1+
58.Ke3 Qe1+ 59.Kd4 Qf2+ 60.Kd5 Qf3+ 61.Kc5 Qf5+ 62.Kb6 Qf2+ 63.Kb7 Qf3+ 64.Qc6 Qd3
65.Kc8 Qf5 66.Kc7 Qe5+ 67.Qd6 Qc3+ 68.Kb8  1-0

[Event "World Rapid Women 2019"]
[Site "Moscow RUS"]
[Date "2019.12.28"]
[Round "10.21"]
[White "Krush,I"]
[Black "Kovalevskaya,E"]
[Result "1-0"]
[WhiteElo "2422"]
[BlackElo "2407"]

1.d4 Nf6 2.Nf3 c5 3.e3 e6 4.Bd3 d5 5.b3 Nc6 6.Bb2 cxd4 7.exd4 g6 8.O-O Bg7
9.Nbd2 O-O 10.a3 b6 11.Qe2 Bb7 12.Ne5 Rc8 13.f4 Ne7 14.g4 Ne8 15.a4 Nd6 16.Ba3 Re8
17.Rad1 Qc7 18.Bxd6 Qxd6 19.Qe3 Nc6 20.Nxc6 Bxc6 21.Nf3 Bb7 22.Qd2 Re7 23.g5 Qa3
24.Ne5 Rec7 25.Qf2 Qb2 26.Rb1 Qc3 27.h4 Qb4 28.Rfe1 Rc3 29.Re2 Rxd3 30.cxd3 Ba6
31.Qe3 Rc3 32.Rd2 Rxb3 33.Rxb3 Qxb3 34.Qf2 Qxa4 35.Rc2 Qa1+ 36.Kh2 Qd1 37.Rc7 Bxd3  1-0

[Event "World Rapid Women 2019"]
[Site "Moscow RUS"]
[Date "2019.12.28"]
[Round "11.16"]
[White "Gvetadze,Sopi"]
[Black "Krush,I"]
[Result "0-1"]
[WhiteElo "2301"]
[BlackElo "2422"]

1.e4 c5 2.Nf3 d6 3.d4 cxd4 4.Nxd4 Nf6 5.f3 e5 6.Nb3 Be7 7.c4 O-O 8.Be3 Nc6
9.Be2 Nd7 10.O-O Nc5 11.Nc3 Be6 12.Nd5 Bxd5 13.cxd5 Nxb3 14.axb3 Nd4 15.Bxd4 exd4
16.Qxd4 Bf6 17.Qf2 Bxb2 18.Rxa7 Qf6 19.Rd1 Bd4 20.Qxd4 Qxd4+ 21.Rxd4 Rxa7
22.Rb4 f5 23.exf5 Rxf5 24.h4 Kf8 25.Rd4 Ra1+ 26.Kh2 Ra2 27.Bd1 Ra5 28.Bc2 Rfxd5
29.Rf4+ Kg8 30.b4 Ra3 31.Bf5 Re5 32.Bc8 b6 33.Rd4 Ra8 34.Bd7 Rd8 35.f4 Re3
36.Bc6 Kf8 37.b5 Ke7 38.Rd5 Ke6 39.Rg5 d5 40.Rxg7 d4 41.Bf3 d3 42.Bg4+ Kd5
43.f5 d2 44.f6 Ree8 45.f7 Rf8 46.h5 h6 47.Bd1 Kc5 48.g4 Rd7 49.g5 Rfxf7 50.Rg8 hxg5
51.Rxg5+ Kb4 52.Rg1 Kxb5 53.h6 Kb4 54.Kh3 Rf6 55.Rg4+ Kc3 56.Rh4 Rf1 57.h7 Rh1+
58.Kg3 Rxh4 59.Kxh4 Rxh7+  0-1

[Event "World Rapid Women 2019"]
[Site "Moscow RUS"]
[Date "2019.12.28"]
[Round "12.12"]
[White "Krush,I"]
[Black "Voit,Daria"]
[Result "0-1"]
[WhiteElo "2422"]
[BlackElo "2336"]

1.d4 Nf6 2.Nf3 e6 3.e3 b6 4.Bd3 Bb7 5.O-O d5 6.b3 Nbd7 7.Bb2 c5 8.Nbd2 Be7
9.c4 O-O 10.Qe2 Rc8 11.Rac1 Rc7 12.Rfd1 Qa8 13.Bb1 Rfc8 14.Qd3 cxd4 15.exd4 Nf8
16.g3 Ng6 17.Ne5 Nd7 18.Nxg6 hxg6 19.Qe3 dxc4 20.bxc4 Bf6 21.Bd3 Rd8 22.Ne4 Bxe4
23.Bxe4 Qc8 24.Qe2 Qa6 25.Ba1 Rdc8 26.Bd3 Qa5 27.Rb1 Qh5 28.Qf1 Nb8 29.Rb5 Qf3
30.Be2 Qa3 31.Bb2 Qa4 32.a3 Nc6 33.d5 Bxb2 34.dxc6 Qxa3 35.Rd3 Qa1 36.Rd1 Qa3
37.Rd3 Qa1 38.Qxa1 Bxa1 39.Bf3 e5 40.c5 Bd4 41.cxb6 axb6 42.Ra3 Rxc6 43.Bxc6 Rxc6
44.Ra2 g5 45.g4 Kf8 46.Rd5 Rc7 47.Rd8+ Ke7 48.Rb8 Ke6 49.Kg2 Kd5 50.f3 f6  0-1

[Event "World Blitz Women 2019"]
[Site "Moscow RUS"]
[Date "2019.12.29"]
[Round "1.23"]
[White "Krush,I"]
[Black "Enkhtuul,A"]
[Result "1/2-1/2"]
[WhiteElo "2422"]
[BlackElo "2200"]

1.d4 c5 2.e3 cxd4 3.exd4 d5 4.Bd3 Nc6 5.c3 Nf6 6.Bf4 e6 7.Nf3 h6 8.O-O Bd6
9.Bxd6 Qxd6 10.Nbd2 O-O 11.Qe2 a6 12.a4 Bd7 13.Ne5 Rab8 14.f4 Ne7 15.g4 Nh7
16.Bc2 f5 17.Rae1 Bc8 18.h4 fxg4 19.Qxg4 Nf6 20.Qh3 Nh5 21.Qg4 Nf6 22.Qf3 Qd8
23.Kh2 Qe8 24.Rg1 Kh8 25.Rg2 Qh5 26.Qh3 b5 27.axb5 Rxb5 28.b3 Rb7 29.Reg1 Rg8
30.Bg6 Nxg6 31.Nxg6+ Kh7 32.Qd3 Qf5 33.Qe3 Nh5 34.Nf3 Rf7 35.Nfe5 Rff8 36.Rg4 Nf6
37.R4g2 Rd8 38.Ne7 Qe4 39.Qxe4+ Nxe4 40.Nxg8 Rxg8 41.c4 dxc4 42.bxc4 Nf6
43.c5 Nd5 44.Rg4 Ne3 45.R4g3 Nf5 46.Rd3 Nxh4 47.c6 g5 48.fxg5 hxg5 49.Rb1 Kh6
50.Rb8 Nf5 51.Rh3+ Kg7 52.Rhb3 Nxd4 53.R3b7+ Kf6 54.c7 Kxe5 55.Ra7 Nc6 56.Raa8 Ne7
57.Rxa6 Bxa6 58.Rxg8 Bc8 59.Re8 Kd6 60.Kg3 Kxc7 61.Rxe7+ Kd6 62.Rg7 Bd7 63.Rxg5 Bc6
64.Kf4 Bd5 65.Rg7 Kc5 66.Ke5 Kc4 67.Rc7+ Kd3  1/2-1/2

[Event "World Blitz Women 2019"]
[Site "Moscow RUS"]
[Date "2019.12.29"]
[Round "2.28"]
[White "Protopopova,Anastasiya"]
[Black "Krush,I"]
[Result "1/2-1/2"]
[WhiteElo "2230"]
[BlackElo "2422"]

1.d4 d5 2.c4 dxc4 3.e4 e5 4.Nf3 exd4 5.Qxd4 Qxd4 6.Nxd4 Nf6 7.f3 Bc5 8.Be3 Nc6
9.Nc2 Nb4 10.Nba3 Bxe3 11.Nxe3 Be6 12.Bxc4 Ke7 13.Ke2 c6 14.Bxe6 fxe6 15.Nac4 Rad8
16.a3 Nd3 17.Rad1 Nf4+ 18.Kf2 Nd3+ 19.Ke2 Nf4+ 20.Kf2 Nd3+ 21.Ke2 Nf4+  1/2-1/2

[Event "World Blitz Women 2019"]
[Site "Moscow RUS"]
[Date "2019.12.29"]
[Round "3.29"]
[White "Krush,I"]
[Black "Yakimova,Mariya"]
[Result "1-0"]
[WhiteElo "2422"]
[BlackElo "2288"]

1.d4 Nf6 2.Nf3 b6 3.e3 e6 4.Bd3 Bb7 5.O-O Be7 6.c4 O-O 7.Nc3 d5 8.cxd5 exd5
9.b3 Na6 10.Bb2 Re8 11.Qc1 c5 12.Qd2 Nb4 13.Be2 Rc8 14.Rac1 Nc6 15.Rfd1 cxd4
16.Nxd4 Nxd4 17.Qxd4 Bc5 18.Qh4 Qe7 19.Bf3 Rcd8 20.Nb5 a6 21.Bxf6 Qxf6 22.Qxf6 gxf6
23.Nd4 Re5 24.g3 Kg7 25.h4 f5 26.Rd2 Kf6 27.Kg2 Re7 28.Ne2 Ke5 29.Rcd1 Bb4
30.Rc2 Bc5 31.Nf4 d4 32.Nd3+ Kf6 33.Nxc5 bxc5 34.Rxc5 dxe3 35.Rxd8 e2 36.Rd6+ Kg7
37.Rc1 Bxf3+ 38.Kxf3 e1=Q 39.Rxe1 Rxe1 40.Rxa6 Ra1 41.b4 h6 42.b5 Rb1 43.a4 Rb4
44.b6 Kf6 45.a5 Ke5 46.Ra7 Kd6 47.Rxf7 Rb5 48.b7 Ke6 49.Rh7 Ke5 50.a6 Rb3+
51.Kg2  1-0

[Event "World Blitz Women 2019"]
[Site "Moscow RUS"]
[Date "2019.12.29"]
[Round "4.17"]
[White "Goltseva,Ekaterina"]
[Black "Krush,I"]
[Result "0-1"]
[WhiteElo "2297"]
[BlackElo "2422"]

1.d4 c5 2.d5 e5 3.e4 d6 4.c4 Be7 5.g3 Bg5 6.Nd2 Ne7 7.h4 Bh6 8.g4 Bxd2+ 9.Bxd2 Nd7
10.f3 h5 11.gxh5 Nf6 12.Ne2 Nxh5 13.Qc2 Ng6 14.Bg5 f6 15.Bd2 Qe7 16.O-O-O Bd7
17.Bh3 Bxh3 18.Rxh3 Nhf4 19.Nxf4 Nxf4 20.Bxf4 exf4 21.Qh2 Qe5 22.Rg1 Rh7
23.Kb1 O-O-O 24.Rg4 Qd4 25.Qg1 Qxc4 26.Rxf4 Qd3+ 27.Ka1 Rdh8 28.Rg4  0-1

[Event "World Blitz Women 2019"]
[Site "Moscow RUS"]
[Date "2019.12.29"]
[Round "5.11"]
[White "Krush,I"]
[Black "Zhukova,N"]
[Result "0-1"]
[WhiteElo "2422"]
[BlackElo "2324"]

1.d4 Nf6 2.Nf3 e6 3.e3 c5 4.Bd3 d5 5.b3 Nc6 6.Bb2 cxd4 7.exd4 Bb4+ 8.c3 Bd6
9.O-O O-O 10.Nbd2 b6 11.Qe2 Bb7 12.Ne5 Ne7 13.f4 Ng6 14.Rae1 Rc8 15.g4 Qe7
16.g5 Bxe5 17.fxe5 Ne4 18.Nxe4 dxe4 19.Bxe4 Qxg5+ 20.Kh1 Bxe4+ 21.Qxe4 b5
22.Rf3 Qh4 23.Qe3 Ne7 24.Ba3 Nd5 25.Qd2 b4 26.Bxb4 Nxb4 27.cxb4 Rfd8 28.Rf4 Qh3
29.Ref1 Rc7 30.Qg2 Qh5 31.Qf2 Rdc8 32.Rg1 h6 33.Qg3 g5 34.Rf6 Rc3 35.Qg2 Rc1
36.Rff1 R1c2 37.Qg3 R8c3 38.Qg2 Rxg2 39.Rxg2 Qg6 40.Rgf2 Rc7 41.Rf6 Qe4+
42.Kg1 Qxd4+  0-1

[Event "World Blitz Women 2019"]
[Site "Moscow RUS"]
[Date "2019.12.29"]
[Round "6.20"]
[White "Guseva,Marina"]
[Black "Krush,I"]
[Result "1/2-1/2"]
[WhiteElo "2373"]
[BlackElo "2422"]

1.d4 c5 2.d5 e5 3.e4 d6 4.Nc3 Be7 5.Bd3 Bg5 6.Nf3 Bxc1 7.Qxc1 Ne7 8.Bb5+ Nd7
9.a4 O-O 10.h4 a6 11.Bd3 b6 12.g4 Nf6 13.g5 Nh5 14.Ne2 Ng6 15.Ng3 Ngf4 16.Qd2 Bd7
17.Be2 g6 18.Ng1 Nxg3 19.fxg3 Nxe2 20.Nxe2 f6 21.gxf6 Qxf6 22.Qe3 b5 23.axb5 axb5
24.Rxa8 Rxa8 25.Kd2 b4 26.h5 g5 27.g4 h6 28.Rg1 Rf8 29.Rg2 Bb5 30.Ng3 Bd7
31.Nf5 Bxf5 32.gxf5 Ra8 33.b3 Ra1 34.Rg1 Ra3 35.Qe2 Ra5 36.Rf1 Kf7 37.Qf3  1/2-1/2

[Event "World Blitz Women 2019"]
[Site "Moscow RUS"]
[Date "2019.12.29"]
[Round "7.21"]
[White "Krush,I"]
[Black "Doluhanova,E"]
[Result "0-1"]
[WhiteElo "2422"]
[BlackElo "2293"]

1.d4 Nf6 2.Nf3 b6 3.e3 Bb7 4.Bd3 g6 5.O-O Bg7 6.c4 O-O 7.Nc3 d5 8.cxd5 Nxd5
9.e4 Nxc3 10.bxc3 c5 11.Be3 cxd4 12.cxd4 Nc6 13.Be2 Qd7 14.Rc1 Rac8 15.Qa4 Rfd8
16.d5 Nd4 17.Qd1 Rxc1 18.Bxc1 Nxe2+ 19.Qxe2 Qa4 20.Bg5 Ba6 21.Qd1 Qxe4 22.Re1 Qxd5
23.Qxd5 Rxd5 24.Bxe7 Bc3 25.Rc1 Bb2 26.Re1 f6 27.h4 Bc4 28.Bb4 Rd8 29.Re7 a5
30.Bd2 Bd5 31.Bh6 Bxf3 32.gxf3 f5 33.a4 Bf6 34.Rb7 Rd6 35.Kg2 Re6 36.Kh3 Bd4
37.Kg2 Rc6 38.Rb8+ Kf7 39.Rb7+ Ke6 40.Rxh7 Rc4 41.Rb7 Rxa4 42.Be3 Bxe3 43.fxe3 Rb4
44.Kg3 a4 45.Rg7 Kf6 46.Ra7 b5 47.Ra6+ Kg7 48.f4 Rb3 49.h5 gxh5 50.Kh4 Rxe3
51.Kg5 a3 52.Ra7+ Kf8 53.Kxf5 b4 54.Kf6 Ke8 55.f5 Re2 56.Ra8+ Kd7 57.Kg7 Rg2+
58.Kh6 Ke7 59.Ra6 a2 60.Kxh5 b3  0-1

[Event "World Blitz Women 2019"]
[Site "Moscow RUS"]
[Date "2019.12.29"]
[Round "8.31"]
[White "Bulatova,Kamaliya"]
[Black "Krush,I"]
[Result "0-1"]
[WhiteElo "2143"]
[BlackElo "2422"]

1.e4 c5 2.Nf3 d6 3.d4 cxd4 4.Nxd4 Nf6 5.Nc3 Nc6 6.Bg5 g6 7.Nxc6 bxc6 8.Qd2 Bg7
9.f3 O-O 10.Bh6 Bxh6 11.Qxh6 Qb6 12.Rb1 d5 13.e5 Nd7 14.Qf4 Qc7 15.Be2 Qxe5
16.Qxe5 Nxe5 17.O-O Bf5 18.g4 Bxc2 19.Rbc1 Bd3 20.Bxd3 Nxd3 21.Rc2 e6 22.f4 Rab8
23.b3 Rb4 24.Ne2 c5 25.Rf3 Ne1  0-1

[Event "World Blitz Women 2019"]
[Site "Moscow RUS"]
[Date "2019.12.29"]
[Round "9.19"]
[White "Krush,I"]
[Black "Styazhkina,A"]
[Result "1-0"]
[WhiteElo "2422"]
[BlackElo "2289"]

1.d4 d5 2.c4 c6 3.cxd5 cxd5 4.Nf3 Nf6 5.Nc3 Nc6 6.Bf4 a6 7.e3 Bg4 8.h3 Bxf3
9.Qxf3 e6 10.Bd3 h6 11.Bg3 Be7 12.O-O O-O 13.Qe2 Nd7 14.f4 Bf6 15.f5 e5 16.Nxd5 exd4
17.Bc7 Qc8 18.e4 Re8 19.Rac1 Be5 20.Bxe5 Ndxe5 21.f6 g6 22.Qd2 Kh7 23.Rf4 Qd8
24.Rh4 h5 25.Qg5 Kg8 26.Rxh5 Qd6 27.Rh8+  1-0

[Event "World Blitz Women 2019"]
[Site "Moscow RUS"]
[Date "2019.12.30"]
[Round "10.14"]
[White "Fataliyeva,U"]
[Black "Krush,I"]
[Result "1/2-1/2"]
[WhiteElo "2387"]
[BlackElo "2422"]

1.g3 Nf6 2.Bg2 g6 3.b3 Bg7 4.Bb2 c5 5.Nf3 Nc6 6.O-O d5 7.e3 O-O 8.Qe2 Qc7
9.c4 d4 10.exd4 Nh5 11.Nc3 cxd4 12.Nb5 Qd8 13.d3 a6 14.Na3 e5 15.Nc2 Re8
16.Nd2 a5 17.a3 Qe7 18.Rfe1 Be6 19.Bf3 Nf6 20.b4 axb4 21.axb4 Nxb4 22.Ba3 Rxa3
23.Nxa3 Bf5 24.Ne4 Nxe4 25.Bxe4 Bxe4 26.Qxe4 f5 27.Qe2 e4 28.Rad1 Kf8 29.Qb2 Qc5
30.dxe4 fxe4 31.Qb1 d3 32.Nb5 Nc2 33.Rf1 Kg8 34.Rd2 Rf8 35.Rxc2 dxc2 36.Qxc2 Qc6
37.Re1 Re8 38.Qb3 Kh8 39.Re3 Rc8 40.Na3 Rf8 41.Qc2 Bd4 42.Re2 Qc5 43.Qxe4 Bxf2+
44.Kg2 Bg1 45.Qe5+ Kg8 46.Qxc5 Bxc5 47.Nb5 b6 48.Nc3 Ra8 49.Ne4 Ra4 50.Rc2 Bd4
51.Nd6 Kg7 52.Kf3 Ra3+ 53.Ke4 Bc5 54.Nb5 Ra1 55.Kd5 Rd1+ 56.Kc6 h5 57.Re2 Kh6
58.Re4 Rd2 59.h4 Rd3 60.g4 Rh3 61.g5+ Kg7 62.Nc7 Bf2 63.Ne8+ Kf7 64.Nd6+ Kg7
65.Re7+ Kg8 66.Re8+ Kg7 67.Re7+ Kg8 68.Kd7 Rxh4 69.Re8+ Kg7 70.Re7+ Kg8 71.Ne4 Bd4
72.Re8+ Kg7 73.Re7+ Kg8 74.Re8+ Kg7 75.Re7+ Kg8 76.Re8+ Kg7 77.Re7+  1/2-1/2

[Event "World Blitz Women 2019"]
[Site "Moscow RUS"]
[Date "2019.12.30"]
[Round "11.16"]
[White "Krush,I"]
[Black "Khomeriki,N"]
[Result "1-0"]
[WhiteElo "2422"]
[BlackElo "2355"]

1.d4 Nf6 2.Nf3 d5 3.c4 e6 4.e3 dxc4 5.Bxc4 c5 6.O-O a6 7.b3 b5 8.Bd3 Nbd7
9.a4 b4 10.Bb2 Bb7 11.Nbd2 cxd4 12.Nxd4 Be7 13.Nc4 O-O 14.Rc1 Nc5 15.Bb1 Nd5
16.Qh5 g6 17.Qe2 Rc8 18.Rfd1 Bf6 19.e4 Nf4 20.Qf3 Qc7 21.g3 Nh5 22.Qe3 Bg7
23.e5 Ba8 24.Nd6 Qb6 25.g4 Rcd8 26.gxh5 Nb7 27.Nc6 Nxd6 28.Qxb6 Bxc6  1-0

[Event "World Blitz Women 2019"]
[Site "Moscow RUS"]
[Date "2019.12.30"]
[Round "12.12"]
[White "Shuvalova,Polina"]
[Black "Krush,I"]
[Result "0-1"]
[WhiteElo "2446"]
[BlackElo "2422"]

1.e4 c5 2.Nf3 d6 3.Bb5+ Nd7 4.Ba4 Nf6 5.O-O a6 6.c4 g6 7.Nc3 Bg7 8.d3 O-O
9.h3 Rb8 10.Rb1 Ne8 11.Be3 Nc7 12.d4 b5 13.Bb3 b4 14.Nd5 e6 15.Bg5 f6 16.Nxc7 Qxc7
17.Be3 Bb7 18.Bc2 cxd4 19.Nxd4 Nc5 20.f3 e5 21.Nb3 f5 22.Qd2 f4 23.Bf2 a5
24.Rfd1 Rbd8 25.Kh1 g5 26.Qe2 h5 27.a3 Bf6 28.axb4 axb4 29.Qe1 Qb6 30.Qg1 Be7
31.Rd2 Qc7 32.Rbd1 Ba6 33.Nxc5 dxc5 34.b3 Bb7 35.Rd5 Bxd5 36.exd5 Bd6 37.Qe1 Ra8
38.Qe4 Qg7 39.Kh2 Ra2 40.Bg1 g4 41.Bb1 Rb2 42.fxg4 hxg4 43.Kh1 gxh3 44.gxh3 Rf6
45.Qf3 Rh6 46.Bf2 Qg5 47.Rg1 Rxb1 48.Rxb1 Qf5 49.Rg1+ Kf7 50.Kh2 e4 51.Qg4 f3+
52.Bg3 Qxg4 53.Bxd6 Qxh3+  0-1

[Event "World Blitz Women 2019"]
[Site "Moscow RUS"]
[Date "2019.12.30"]
[Round "13.8"]
[White "Krush,I"]
[Black "Tan Zhongyi"]
[Result "0-1"]
[WhiteElo "2422"]
[BlackElo "2502"]

1.d4 Nf6 2.Nf3 e6 3.e3 b6 4.Bd3 Bb7 5.O-O g6 6.c4 Bg7 7.Nc3 O-O 8.e4 d5 9.cxd5 exd5
10.e5 Ne4 11.Qe2 Nxc3 12.bxc3 c5 13.Bg5 Qd7 14.Rfe1 Nc6 15.Qd2 Nd8 16.Bh6 Ne6
17.Bxg7 Kxg7 18.h4 h5 19.Ng5 cxd4 20.cxd4 Rac8 21.Nxe6+ Qxe6 22.g3 Bc6 23.Rac1 Bd7
24.Bf1 Qe7 25.Bg2 Be6 26.Qb2 Qd7 27.Qb3 Rfd8 28.Bf1 Rc7 29.Bb5 Qc8 30.Qe3 Rc2
31.a4 Qc7 32.Rxc2 Qxc2 33.Rc1 Qb2 34.Rc7 Rc8 35.Rxc8 Bxc8 36.Qf4 Bf5 37.Kh2 Qb1
38.Be2 Qc2 39.Bf1 Qxa4 40.Bg2 Qa2 41.Qf3 a5 42.Qf4 a4 43.Kg1 a3 44.Qg5 Be6
45.Qf6+ Kh7 46.g4 Qe2 47.Bf3 Qe1+ 48.Kg2 hxg4 49.Bxg4 Qe4+ 50.Bf3 Qf5 51.Qd8 a2
52.h5 Qh3+  0-1

[Event "World Blitz Women 2019"]
[Site "Moscow RUS"]
[Date "2019.12.30"]
[Round "14.13"]
[White "Socko,M"]
[Black "Krush,I"]
[Result "1/2-1/2"]
[WhiteElo "2407"]
[BlackElo "2422"]

1.d4 c5 2.d5 e5 3.c4 d6 4.Nc3 Be7 5.e4 Bg5 6.Bd3 Bxc1 7.Rxc1 Ne7 8.Nge2 O-O
9.O-O Nd7 10.Qd2 f5 11.exf5 Nxf5 12.Bxf5 Rxf5 13.Ne4 Qe7 14.f3 Rf8 15.Qg5 Nf6
16.N2g3 h6 17.Qe3 Nxe4 18.fxe4 Bd7 19.Rxf8+ Rxf8 20.Rf1 Rxf1+ 21.Nxf1 b5
22.Nd2 b4 23.Nf1 Qf6 24.Ng3 Kh7 25.h3 Qf7 26.Kh2 Qf6 27.Kg1 Qf7 28.Kh2 Qf6
29.Kg1 Qf7  1/2-1/2

[Event "World Blitz Women 2019"]
[Site "Moscow RUS"]
[Date "2019.12.30"]
[Round "15.11"]
[White "Krush,I"]
[Black "Munguntuul,B"]
[Result "1/2-1/2"]
[WhiteElo "2422"]
[BlackElo "2430"]

1.d4 d5 2.c4 c6 3.cxd5 cxd5 4.Nf3 Nc6 5.Nc3 e6 6.Bf4 Bd6 7.Bxd6 Qxd6 8.e3 Nge7
9.Bd3 O-O 10.O-O Bd7 11.Rc1 Rfc8 12.a3 Be8 13.b4 f6 14.e4 Bg6 15.exd5 Bxd3
16.Qxd3 Nxd5 17.Nxd5 Qxd5 18.Rc5 Qd6 19.Qe4 Rd8 20.Re1 Nxd4 21.Nxd4 Qxd4
22.Qxe6+ Kh8 23.Rc7 b5 24.h3 h6 25.Qf7 Rg8 26.Re3 Qd1+ 27.Kh2 Qd6+ 28.Rg3 Raf8
29.Qe7 Qxe7 30.Rxe7 Ra8 31.Rd3 a5 32.Rb7 axb4 33.axb4 Rgb8 34.Rdd7 Rxb7 35.Rxb7 Ra2
36.Kg3 Ra3+ 37.f3 Rb3 38.Rxb5 Kh7 39.h4 Rb2 40.h5 Kg8 41.Rb7 Kf8 42.b5 Kg8
43.b6 Kh7 44.Kh3 Rb5 45.g4 f5 46.Kg3 fxg4 47.fxg4 Rb4 48.Rb8 Rb5 49.Kf4 Rb4+
50.Kf5 Rb5+ 51.Ke6 Rb4 52.Kd6 Rxg4 53.Rc8 Rb4 54.Kc7 g6 55.hxg6+ Kxg6 56.b7 h5
57.Rd8 Kg5 58.Rd6 Rxb7+ 59.Kxb7 h4 60.Kc6 h3 61.Rd8 Kg4 62.Rg8+ Kf3 63.Kd5 h2
64.Rh8 Kg2 65.Ke4 h1=Q 66.Rxh1 Kxh1  1/2-1/2

[Event "World Blitz Women 2019"]
[Site "Moscow RUS"]
[Date "2019.12.30"]
[Round "16.14"]
[White "Muzychuk,M"]
[Black "Krush,I"]
[Result "1/2-1/2"]
[WhiteElo "2559"]
[BlackElo "2422"]

1.e4 c5 2.Nf3 d6 3.Bb5+ Nd7 4.O-O Nf6 5.Re1 a6 6.Bd3 g6 7.c3 Bg7 8.a4 b6
9.Bc2 Bb7 10.d4 cxd4 11.cxd4 O-O 12.Nc3 e5 13.h3 exd4 14.Nxd4 Re8 15.Bf4 Nc5
16.f3 Nh5 17.Bh2 Be5 18.Qd2 Qf6 19.Nce2 Bxh2+ 20.Kxh2 d5 21.exd5 Bxd5 22.Nc3 Red8
23.Qe3 Nf4 24.Rad1 Bb7 25.Qe5 Qxe5 26.Rxe5 Ncd3 27.Bxd3 Rxd4 28.Be4 Rxd1
29.Bxb7 Rad8 30.Nxd1 Rxd1 31.Kg3 Nd3 32.Rd5 Nxb2 33.Rxd1 Nxd1 34.Bxa6 Nc3
35.Bb5 Kg7 36.Kf4 Kf6 37.Bc6 Ke6 38.Ke3 Kd6 39.Be8 f6 40.Kd3 Nd5 41.g3 Nc7
42.Bf7 Na6 43.Kc4 Nc7 44.h4 g5 45.Kd4 Na6 46.Kc4 Nc7 47.Kd4 Na6 48.h5 Nc5
49.Be8 h6 50.Kc4 Nb7 51.Bg6 Na5+ 52.Kb5 Kc7 53.Be4 Nb3 54.Bd5 Nd4+ 55.Kc4 Ne2
56.g4 Nf4 57.Be4 Kd6 58.Kb5 Kc7 59.Kc4 Kd6 60.Kb5 Ke5  1/2-1/2

[Event "World Blitz Women 2019"]
[Site "Moscow RUS"]
[Date "2019.12.30"]
[Round "17.14"]
[White "Krush,I"]
[Black "Kashlinskaya,A"]
[Result "1-0"]
[WhiteElo "2422"]
[BlackElo "2484"]

1.d4 Nf6 2.Nf3 e6 3.e3 d5 4.Bd3 b6 5.O-O Bb7 6.b3 Bd6 7.Bb2 O-O 8.Nbd2 Nbd7
9.Ne5 c5 10.f4 Rc8 11.c4 cxd4 12.exd4 Re8 13.Qe2 Nf8 14.Rad1 Ng6 15.g4 Rc7
16.g5 Bxe5 17.fxe5 Ne4 18.Nxe4 dxe4 19.Bxe4 Bxe4 20.Qxe4 Qxg5+ 21.Kh1 Rd7
22.Rd3 Qh5 23.Rdf3 Rde7 24.Ba3 Rd7 25.Bd6 h6 26.b4 Ne7 27.c5 Nf5 28.c6 Nxd6
29.cxd7 Nxe4 30.dxe8=Q+ Kh7 31.Qxf7 Qh4 32.Qxe6 Nd2 33.Qf5+ Kh8 34.Rg3 g5
35.Qf8+ Kh7 36.Rf7+ Kg6 37.Rf6+ Kh7 38.Qe7+ Kg8 39.Rf8+  1-0

[Event "2nd Cairns Cup 2020"]
[Site "Saint Louis USA"]
[Date "2020.02.08"]
[Round "2.3"]
[White "Ju Wenjun"]
[Black "Krush,I"]
[Result "1/2-1/2"]
[WhiteElo "2583"]
[BlackElo "2422"]

1.d4 d5 2.c4 dxc4 3.Nf3 Nf6 4.e3 e6 5.Bxc4 c5 6.O-O Nc6 7.Nc3 a6 8.Qe2 b5
9.Bb3 Bb7 10.Rd1 Be7 11.d5 exd5 12.Bxd5 Qc8 13.e4 O-O 14.Be3 Re8 15.Rac1 c4
16.a4 Nb4 17.axb5 axb5 18.Nxb5 Nfxd5 19.Rxc4 Qb8 20.exd5 Nxd5 21.Nc3 Nxe3
22.Qxe3 Bf6 23.Qf4 Bxf3 24.Qxf3 Qxb2 25.Nd5 Ra1 26.g3 Rxd1+ 27.Qxd1 h6 28.Qf3 Qe5
29.Rf4 Re6 30.Kg2 Rd6 31.Ne3 Qe6 32.Nf5 Ra6 33.h4 Kh8 34.h5 Kg8 35.Re4 Qc6
36.Re1 Qxf3+ 37.Kxf3 Ra8 38.Rb1 Bg5 39.Rb6 Rd8 40.Kg4 Bd2 41.f4 Bc3 42.Kf3 Kh7
43.Rb7 Kg8 44.Ra7 Bb2 45.Rc7 Bf6 46.Ke4 Kf8 47.Rc6 Be7 48.Ne3 Ba3 49.Rc7 Re8+
50.Kf3 Rd8 51.Nc4 Bd6 52.Rb7 Kg8 53.Ke4 Kf8 54.Nb6 Ke8 55.g4 Rb8 56.Nc4 Rd8
57.f5 Kf8 58.Ne3 Be7 59.Nd5 Bg5 60.Nb6 Ke8 61.Rc7 Bf6 62.Rc8 Rxc8 63.Nxc8 Bb2
64.Kd5 f6 65.Ke6 Kf8 66.Kd7 Ba3 67.Nb6 Bc5 68.Nd5 Ba3 69.Nf4 Kf7 70.Ne6 Bb2
71.Nd8+ Kf8 72.Ne6+ Kf7 73.Nd8+ Kf8 74.Ne6+  1/2-1/2

[Event "2nd Cairns Cup 2020"]
[Site "Saint Louis USA"]
[Date "2020.02.09"]
[Round "3.5"]
[White "Krush,I"]
[Black "Gunina,V"]
[Result "0-1"]
[WhiteElo "2422"]
[BlackElo "2461"]

1.d4 Nf6 2.c4 e6 3.Nc3 Bb4 4.Qc2 O-O 5.a3 Bxc3+ 6.Qxc3 Qe8 7.g3 d6 8.Bg2 a5
9.b3 Ra7 10.e4 e5 11.d5 b5 12.Be3 Rb7 13.Ne2 bxc4 14.bxc4 Qa4 15.O-O c6 16.dxc6 Nxc6
17.Rfd1 Bg4 18.f3 Be6 19.Rxd6 Rb3 20.Qc2 Rc8 21.Bf1 Qxc4 22.Qxc4 Bxc4 23.Kf2 h6
24.Rc1 Ne7 25.Bh3 Rc7 26.Rc2 Kh7 27.a4 Rb4 28.Bf1 Rc8 29.Bh3 Rc6 30.Rxc6 Nxc6
31.Bc5 Rxa4 32.Bf1 Bd3 33.Rd2 Rc4 34.Ba3 Bxe4 35.Ra2 Bd3 36.Ke3 e4 37.fxe4 Ne5
38.h3 Rxe4+ 39.Kf2 Bc4 40.Ra1 Nd3+ 41.Kg1 Re3 42.Bd6 Ne4 43.Bc7 Nd2 44.Nd4 Nxf1
45.Kxf1 Re4 46.Bb6 a4 47.Kg2 Bd5 48.Kf1 a3 49.Ne2 Rb4 50.Ba5 Rb2 51.Bc3 Rc2
52.Rxa3 Bf3  0-1

[Event "2nd Cairns Cup 2020"]
[Site "Saint Louis USA"]
[Date "2020.02.10"]
[Round "4.4"]
[White "Harika,D"]
[Black "Krush,I"]
[Result "1/2-1/2"]
[WhiteElo "2518"]
[BlackElo "2422"]

1.e4 c5 2.Nf3 e6 3.d4 cxd4 4.Nxd4 Nc6 5.Nc3 Qc7 6.g3 a6 7.Bg2 h5 8.O-O h4
9.Re1 hxg3 10.hxg3 d6 11.Nxc6 bxc6 12.Na4 c5 13.c4 Bb7 14.b3 Be7 15.Bb2 Bf6
16.Rb1 Rd8 17.Bc3 Bxc3 18.Nxc3 Ne7 19.Rb2 Nc6 20.Rd2 Nd4 21.Ne2 e5 22.Nxd4 cxd4
23.Qg4 f6 24.Rc1 Kf7 25.b4 a5 26.a3 axb4 27.axb4 Bc8 28.Qd1 Be6 29.c5 dxc5
30.bxc5 Rb8 31.Qe2 Rb3 32.Rd3 Rb5 33.Rxd4  1/2-1/2

[Event "2nd Cairns Cup 2020"]
[Site "Saint Louis USA"]
[Date "2020.02.11"]
[Round "5.5"]
[White "Krush,I"]
[Black "Yip,Carissa"]
[Result "0-1"]
[WhiteElo "2422"]
[BlackElo "2412"]

1.g3 g6 2.Bg2 Bg7 3.d4 d5 4.Nf3 e6 5.O-O Ne7 6.Nc3 Nbc6 7.e4 dxe4 8.Nxe4 f5
9.Nc5 Nxd4 10.c3 Nxf3+ 11.Qxf3 c6 12.Qe2 Qd6 13.Be3 e5 14.Rad1 Qf6 15.Qd2 O-O
16.Nd7 Bxd7 17.Qxd7 b6 18.Rd6 Qf7 19.Bg5 Rfe8 20.Bxe7 Qxe7 21.Bxc6 Rab8 22.Rfd1 Bf8
23.Ba4 Kh8 24.Qc6 Rec8 25.Qd7 Re8 26.Qb5 Qxd6 27.Rxd6 Bxd6 28.Qd5 Red8 29.Bb3 Kg7
30.h4 Kh6 31.h5 Rbc8 32.Qd2+ f4 33.hxg6 hxg6 34.Kg2 Bc5 35.Qe2 Rf8 36.Qxe5 Rce8
37.Qd5 f3+ 38.Kh3 Bxf2 39.Bd1 Rd8 40.Qb3 Bc5 41.Qa4 Rxd1 42.Qxd1 f2 43.Qc1+ Kg7
44.Qf1 Re8 45.Qd3 Re1 46.Qd7+ Kh6 47.Qd2+ Be3  0-1

[Event "2nd Cairns Cup 2020"]
[Site "Saint Louis USA"]
[Date "2020.02.13"]
[Round "6.4"]
[White "Muzychuk,M"]
[Black "Krush,I"]
[Result "1/2-1/2"]
[WhiteElo "2552"]
[BlackElo "2422"]

1.e4 c5 2.Nf3 e6 3.d4 cxd4 4.Nxd4 a6 5.Bd3 Nf6 6.O-O Qc7 7.Qe2 d6 8.c4 g6
9.Nc3 Bg7 10.Rd1 O-O 11.Be3 b6 12.f3 Bb7 13.Rac1 Nc6 14.Nxc6 Qxc6 15.Qd2 Rfd8
16.Bf1 Rab8 17.b4 Qc7 18.Na4 Ba8 19.Bf4 Ne8 20.Qf2 Qb7 21.c5 b5 22.Nb6 Bf6
23.Nxa8 Rxa8 24.Bxd6 Nxd6 25.Rxd6 Be5 26.Rdd1 Qc7 27.g3 Rxd1 28.Rxd1 Rd8
29.Qc2 Rxd1 30.Qxd1 a5 31.f4 Bc3 32.Qd6 Qxd6 33.cxd6 Bxb4 34.d7 Bc5+ 35.Kg2 Bb6
36.Bxb5 Kf8 37.g4 h6 38.g5 hxg5 39.fxg5 Ke7 40.Kf3 Kd8 41.h4 Bd4 42.Kf4 Ke7
43.Bc6 Bc3 44.a4 Bd4 45.Kg4 Be3 46.Bb5 Bd2 47.h5 gxh5+ 48.Kxh5 Be3 49.g6 fxg6+
50.Kxg6 e5 51.Kf5 Bd4 52.Kg4 Kd8 53.Kf3 Bc3 54.Ke2 Bb4 55.Kd3 Be1 56.Kc4 Bd2
57.Kd5 Bc3 58.Kd6 Bb2 59.Bc4  1/2-1/2

[Event "2nd Cairns Cup 2020"]
[Site "Saint Louis USA"]
[Date "2020.02.14"]
[Round "7.2"]
[White "Krush,I"]
[Black "Koneru,H"]
[Result "1/2-1/2"]
[WhiteElo "2422"]
[BlackElo "2580"]

1.d4 Nf6 2.c4 e6 3.Nc3 Bb4 4.Qc2 O-O 5.a3 Bxc3+ 6.Qxc3 b6 7.Bg5 Bb7 8.e3 d6
9.Ne2 Nbd7 10.Qc2 c5 11.Rd1 Qc8 12.Bh4 d5 13.cxd5 Bxd5 14.f3 cxd4 15.Qxc8 Rfxc8
16.Rxd4 Bc4 17.Nc3 Bxf1 18.Rxf1 Ne5 19.Rf2 Nc4 20.Bxf6 gxf6 21.Nd1 b5 22.Rc2 a6
23.Ke2 Rd8 24.Rxd8+ Rxd8 25.Nf2 f5 26.Nd3 Kf8 27.a4 Rd6 28.b3 Na5 29.axb5 axb5
30.Rc5 Rb6 31.Ne5 Ke7 32.b4 Nb7 33.Rc2 Nd8 34.f4 Rb7 35.Kf3 f6 36.Nc6+ Nxc6
37.Rxc6 Kf7 38.h3 Ke7 39.g4 Kf7 40.g5 fxg5 41.fxg5 Ra7 42.Rb6 Ra1 43.Rxb5 Rf1+
44.Kg2 Re1 45.Re5 Rb1 46.Rb5 Re1 47.Kf2 Rh1 48.Kg3 Re1 49.Kf2 Rh1 50.Kg2 Re1
51.Kf2 Rh1 52.Kg2  1/2-1/2